00558nam a2200193Ia 450000500170000000800410001704000190005804100120007708200160008910000180010524500890012326000330021230000110024550400300025665000140028665100360030070000180033685000100035420240506092106.0131103s9999 xx 000 0 und d aLoreto College aEnglish a371.42bISA aIsaacs, Susan 4aThe educational guidance of the school childcSusan Isaacs, R A C Oliver & H E Field aLondonbEvans Brotherc[19?] a122p.  aIncludes appendix & index aEducation aStudent Guidance and Counseling aOliver, R A C aLCBED